000 00461nam a2200181Ia 4500
005 20250508152152.0
008 008 250505s9999 xx 000 0 hin d
037 _aTextual
040 _aFEDL
_beng
_cFEDL
041 _ahin
_2eng
084 _aFH, RAK
_qFEDL
100 _aMohan Rakesh
245 0 _aNai baadal
260 _aKashi, India
_bBhartiya Gyanpeeth
_c1957
300 _a179p.
942 _cTEXL
_hFH, RAK
999 _c1334722
_d1334722